Balfour's back in the top spot (Record no. 76948)

MARC details
000 -LEADER
fixed length control field 00772cab a2200181 4500
001 - CONTROL NUMBER
control field ##L133348
008 - FIXED-LENGTH DATA ELEMENTS--GENERAL INFORMATION
fixed length control field 060503n2006 000 0 eng u
035 ## - SYSTEM CONTROL NUMBER
System control number (Sirsi) u133348
041 0# - LANGUAGE CODE
Language code of text/sound track or separate title eng
100 1# - MAIN ENTRY--PERSONAL NAME
Personal name McCormick, Helen
245 00 - TITLE STATEMENT
Title Balfour's back in the top spot
260 ## - PUBLICATION, DISTRIBUTION, ETC.
Date of publication, distribution, etc. 2006
490 #0 - SERIES STATEMENT
Series statement Contract Journal
Volume/sequential designation 433(6571) 20 April 2006, 20-21(2)
520 ## - SUMMARY, ETC.
Summary, etc. Balfour Beatty topped the new work winners league table in March 2006, with Kier in second place. Also includes tables giving breakdown of work by sector and geographical area, pie graphs showing work by sector over past 12 months and in February, and bar chart illustrating total orders in last 12 months.
590 ## - LOCAL NOTE (RLIN)
Local note IKA090506
690 ## - LOCAL SUBJECT ADDED ENTRY--TOPICAL TERM (OCLC, RLIN)
Topical term or geographic name as entry element BUILT ENVIRONMENT-CONSTRUCTION MARKET
942 ## - ADDED ENTRY ELEMENTS (KOHA)
Suppress in OPAC 0
Holdings
Withdrawn status Lost status Source of classification or shelving scheme Damaged status Not for loan Home library Current library Shelving location Date acquired Total Checkouts Full call number Barcode Date last seen Copy number Price effective from Koha item type
    Dewey Decimal Classification     London London Journal article 03/05/2006   L133348 133348-1001 06/08/2019 1 06/08/2019 Journal article